000 00790cam a2200253 a 4500
001 20599
003 BD-RjUL
005 20211209000603.0
008 140301r19661956enk b 001 1 eng
035 _a(BD-RjUL)20661
_a(OCoLC)ocn259970301
040 _aDLC
_cDLC
_dBD-RjUL
_beng
041 _aeng
082 0 0 _a821.3
_222
_bDOS 1966
100 1 _aDonne, John,
_d1572-1631.
_963557
245 1 4 _aThe songs and sonets of John Donne /
_cedited by Theodore Redpath.
260 _aLondon :
_bMethuen,
_c1956 [Reprinted 1966].
300 _ali, 156 p. ;
_c20 cm.
504 _aIncludes bibliographical references and indexes.
600 0 _aDonne, John,
_d1572-1631.
_9240283
700 1 _aRedpath, Theodore.
_963559
942 _2ddc
_cBK
999 _c20599
_d20599